000 00727nam a2200289Ia 4500
005 20260324132458.0
008 008 260324s9999 xx 000 0 eng d
020 _a9781410610652
037 _aEBOOK
040 _aCRL
040 _beng
040 _cCRL
041 _2eng
041 _aeng
084 _qCRL
100 _aKaeren Harrison; Dennis Marsden; Graham Allan; Jean Duncombe
_91189434
245 4 _aThe State of Affairs
245 0 _bExplorations in infidelity and Commitment
260 _bTaylor and Francis
260 _c2004
365 _a
365 _b230
856 _uhttp://www.taylorfrancis.com/books/9781410610652
942 _cEBOOK
999 _c1787587
_d1787587